| 000 | 00630nam a2200229Ia 4500 | ||
|---|---|---|---|
| 003 | OSt | ||
| 005 | 20221006164557.0 | ||
| 006 | a|||||r|||| 00| 0 | ||
| 007 | ta | ||
| 008 | 221006b |||||||| |||| 00| 0 eng d | ||
| 024 | _a6,903 | ||
| 037 | _cTextual | ||
| 040 |
_aFML _cFML _beng |
||
| 041 |
_2eng _aeng |
||
| 082 | _aY:1.2 ' M, J6 | ||
| 100 |
_aBahadur Mal Au. _9677820 |
||
| 245 | 0 | _aA Story Of Indian Culture | |
| 260 |
_aHoshiyarpur _bVishveshwaranand Vedic Research Institute India _c1956 |
||
| 300 |
_a359 _ccm. |
||
| 942 |
_hY:1.2 ' M, J6 _cTEXL _2CC |
||
| 999 |
_c1117741 _d1117741 |
||